00525cam a22002171 4500001001300000003000400013005001700017008004100034010001700075035002000092040001800112042001200130050001600142100002300158245002200181260001100203300003300214500001600247650002700263999001700290sa 67002340 DLC20260227112330.0890814s1963 xx 000 0 ben  asa 67002340  a(OCoLC)23577272 aDLCcMiUdDLC apremarc00aP121b.M6731 aMojumder, Atindra.10aBhāshātativa. c[1963] a121, 109, 9 p.bmap,c23 cm. aIn Bengali. 0aLanguage and languages c73206d73206